000 00806nam a22001937a 4500
999 _c372128
_d372128
008 201127b ||||| |||| 00| 0 eng d
040 _aDE-2950
_bger
_cDE-2950
_erda
041 _ager
245 _aBange Gesichter vor dem Test, Schach und Knobeleien.
_bBildung. Den Tag der offenen Tür nutzten viele Familien, um das Gauß-Gymnasium kennenzulernen. Für interessierte Kinder gab es eine Eignungsprüfung /
_cPhilipp Stepputtis
264 _c2023
653 _aFrankfurt (Oder)
653 _aTag der offenen Tür
653 _aGauß-Gymnasium
773 _dFrankfurt (Oder) Märkisches Verlags- und Druckhaus GmbH & Co KG
_tMärkische Oderzeitung
_g34. Jahrgang (2023) Nr. 13 vom 16.01.2023, S. 11: mit Foto
942 _cA